|
|
|
|
| LEADER |
01603 a2200337 4500 |
| 001 |
25321 |
| 005 |
20260407155537.0 |
| 008 |
260407a2013 arg spa d |
| 003 |
AR-UNSa-BCEJYS |
| 040 |
|
|
|a AR-UNSa-BCEJYS
|b spa
|c AR-UNSa-BCEJYS
|
| 080 |
|
|
|a 001.8
|x Metodología. Estudio general del método. Procedimientos científicos y técnicos para el estudio, La investigación y la discusión
|
| 245 |
1 |
0 |
|a Elaboración de tesis, tesinas y trabajos finales
|p diferentes modalidades, pautas metodológicas, indicadores de evaluación
|
| 020 |
|
|
|a 978-987-538-360-9
|
| 264 |
|
1 |
|a Buenos Aires :
|b Noveduc
|c 2013
|
| 300 |
|
|
|a 205 p.
|c 28 cm.
|
| 505 |
|
|
|a 1. Sobre tesis, tesinas y trabajos finales - 2. La evaluación como práctica social institucionalizada - 3. Géneros discursivos - 4. La investigación científica - 5. La propuesta de intervención - 6. La auditoría de comunicación - 7. La comunicación publicitaria - 8. La investigación de mercados - 9. El plan de negocios - 10. Fundamentos e importancia de los mapas conceptuales para la representación y trasmisión del conocimiento
|
| 041 |
|
|
|a spa
|
| 942 |
|
|
|c BK
|
| 590 |
|
|
|a niveau_biblio:m niveau_hierar:0
|
| 100 |
1 |
|
|a Iglesias, Gabriela
|
| 700 |
1 |
|
|a Resala, Graciela
|
| 700 |
1 |
|
|a Adamovsky, Gustavo
|
| 700 |
1 |
|
|a Amado Suárez, Adriana
|
| 700 |
1 |
|
|a Bernhardt, Florencia
|
| 700 |
1 |
|
|a Bongiovanni, Maximiliano
|
| 700 |
1 |
|
|a Etkin, María Eugenia
|
| 700 |
1 |
|
|a Gabrinetti, Mariana
|
| 700 |
1 |
|
|a Peña, Gonzalo Diego
|
| 700 |
1 |
|
|a Rodríguez, Rubén José
|
| 700 |
1 |
|
|a Vázquez, Norberto Osvaldo
|
| 999 |
|
|
|c 1365
|d 1365
|